000
00301nam a2200133Ia 4500
008
241014s9999||||xx |||||||||||||| ||und||
020
_a
0-534-46773-9
100
_a
Brown
245
0
_a
Organic Chemistry
250
_a
4th
260
_b
Thomsom
_c
2005
650
_a
Organic Chemistry
942
_b
DCOP
_c
BK
999
_c
4506
_d
4506